Three in a row for Balfour Beatty (Record no. 79769)

MARC details
000 -LEADER
fixed length control field 00872cab a22001935a 4500
001 - CONTROL NUMBER
control field L142322
008 - FIXED-LENGTH DATA ELEMENTS--GENERAL INFORMATION
fixed length control field 080205e20080130xxkd f 000 0 eng d
035 ## - SYSTEM CONTROL NUMBER
System control number (Sirsi) u142322
041 0# - LANGUAGE CODE
Language code of text/sound track or separate title eng
100 1# - MAIN ENTRY--PERSONAL NAME
Personal name Atkinson, James
245 00 - TITLE STATEMENT
Title Three in a row for Balfour Beatty
260 ## - PUBLICATION, DISTRIBUTION, ETC.
Date of publication, distribution, etc. 2008
490 #0 - SERIES STATEMENT
Series statement Contract Journal
Volume/sequential designation 441(6660) 30 January 2008, 15-17(3)
520 ## - SUMMARY, ETC.
Summary, etc. Balfour Beatty topped the new work winners league table for 2007, for the third year in a row, with Laing O'Rourke in second place and HBG Construction in third. Total new orders for 2007 reached £32.7bn, nearly £6bn more than the 2006 total of £26.8bn. The strong growth in 2007 was driven by private commercial orders which accounted for 35% of all new orders in 2007.
590 ## - LOCAL NOTE (RLIN)
Local note KA
651 #4 - SUBJECT ADDED ENTRY--GEOGRAPHIC NAME
Geographic name Great Britain
Chronological subdivision 1707-
690 ## - LOCAL SUBJECT ADDED ENTRY--TOPICAL TERM (OCLC, RLIN)
Topical term or geographic name as entry element BUILT ENVIRONMENT-CONSTRUCTION MARKET
942 ## - ADDED ENTRY ELEMENTS (KOHA)
Suppress in OPAC 0
Holdings
Withdrawn status Lost status Source of classification or shelving scheme Damaged status Not for loan Home library Current library Shelving location Date acquired Total Checkouts Full call number Barcode Date last seen Copy number Price effective from Koha item type
    Dewey Decimal Classification     London London Journal article 05/02/2008   L142322 142322-1001 06/08/2019 1 06/08/2019 Journal article